| 000 | 01492nam0a2200337 i 4500 | ||
|---|---|---|---|
| 001 | RU\NLR\BIBL_A\010561105 | ||
| 005 | 20260406064859.0 | ||
| 010 |
_a9785902655282 _9100 |
||
| 021 |
_aRU _b2014-64365 _94651 |
||
| 035 | _a(NILC)RuMoRGB-007563954 | ||
| 035 | _a(NLR Aleph) 010561105 | ||
| 090 |
_a10380593 _c10380593 |
||
| 100 | _a20141209d2014 um y0rusy50 ca | ||
| 101 | 0 | _arus | |
| 102 | _aRU | ||
| 105 | _ach||f|||000yd | ||
| 200 | 1 |
_aВыдающиеся медики Чувашии _e[энциклопедия] _fГ.А. Алексеев _g[Авт. учреждение Чуваш. Респ. "Ин-т усовершенствования врачей" М-ва здравоохранения и социал. развития Чуваш. Респ.] |
|
| 205 | _aИзд. 2-е, стер. | ||
| 210 |
_aЧебоксары _cАУ Чувашской Республики "ИУВ" _d2014 |
||
| 215 |
_a303 с. _cпортр., факс. _d25 |
||
| 320 | _aБиблиогр.: с. 302 | ||
| 606 | 1 |
_aМедицинские работники _yЧувашская Республика _92624270 _3RU\NLR\AUTH\661560830 |
|
| 610 | 0 | _aмедики Чувашии | |
| 686 | 1 | _aР.г(2)д | |
| 700 | 1 |
_7ca _8rus _aАлексеев _bГ. А. _cд-р мед. наук _f1927- _gГригорий Алексеевич _9124234 _3RU\NLR\AUTH\7714562 |
|
| 801 | 0 |
_aRU _bРГБ _c20140212 _gRCR |
|
| 942 | _cBOOK | ||
| 980 | _aNBR | ||